[Event "Titled Tuesday intern op 23rd Apr Late"]
[Site "Chess.com INT"]
[Date "2024.04.23"]
[Round "6"]
[White "Otero Marino, Alain"]
[Black "Zampronha, Wladimir Camilo"]
[Result "0-1"]
[WhiteElo "2250"]
[BlackElo "2119"]
[PlyCount "194"]
[EventDate "2024.04.23"]
[EventType "swiss (blitz)"]
[EventRounds "11"]
[EventCountry "USA"]
[SourceTitle "CB18_2024"]
[SourceDate "2024.05.01"]
[SourceVersion "1"]
[SourceVersionDate "2024.05.01"]
[SourceQuality "2"]

1. e4 c5 2. Nf3 e6 3. c3 Nf6 4. e5 Nd5 5. d4 cxd4 6. cxd4 b6 7. Bd3 Bb7 8. 0-0 d6 9. Re1 Nd7 10. Bd2 dxe5 11. dxe5 Be7 12. Nc3 Nxc3 13. Bxc3 0-0 14. Qe2 Nc5 15. Bc2 Ba6 16. Qe3 Qe8 17. b4 Na4 18. Qe4 g6 19. Bd2 Qb5 20. Nd4 Qd7 21. b5 Bb7 22. Qf4 Rfd8 23. Be3 Nc5 24. Qg3 Ne4 25. Qg4 Nc3 26. Bb3 Nd5 27. Rad1 Rac8 28. Bh6 Qe8 29. h4 Nc3 30. Rd3 Nxb5 31. Ba4 a6 32. Red1 Bd5 33. h5 Rc4 34. Bb3 Rxd4 35. Rxd4 Nxd4 36. Rxd4 Bxb3 37. axb3 Rxd4 38. Qxd4 Bc5 39. Qe4 Qd8 40. Qf3 a5 41. g3 Bd4 42. Qf4 Bc5 43. Kg2 Bf8 44. Bxf8 Kxf8 45. h6 Kg8 46. Kh2 Qb8 47. Qf6 Qf8 48. Kg2 Qxh6 49. Qd8+ Qf8 50. Qxb6 Qb4 51. Qd8+ Kg7 52. Qd3 a4 53. bxa4 Qxa4 54. Qf3 Qd4 55. Qf6+ Kg8 56. f4 Qd5+ 57. Kh3 Qe4 58. Kh2 Qf5 59. Qd8+ Kg7 60. Qd2 h6 61. Qe3 g5 62. fxg5 Qxg5 63. Qe4 Qf5 64. Qe3 Qg5 65. Qe2 Kg6 66. Qe4+ Qf5 67. Qe2 Qh5+ 68. Qxh5+ Kxh5 69. Kg2 Kg5 70. Kf3 Kf5 71. g4+ Kxe5 72. Kg3 Kf6 73. Kh4 Kg6 74. Kg3 f6 75. Kf4 e5+ 76. Kg3 Kg5 77. Kf3 h5 78. gxh5 Kxh5 79. Ke4 Kg6 80. Kf3 Kf5 81. Ke3 e4 82. Ke2 Ke5 83. Kf2 Kf4 84. Ke2 e3 85. Kd3 Kf3 86. Kc2 Kf2 87. Kd3 e2 88. Ke4 e1Q+ 89. Kf4 Qc1+ 90. Kg4 Qd1+ 91. Kh3 Qg1 92. Kh4 Kf3 93. Kh5 Kf4 94. Kh6 Kf5 95. Kh7 Ke6 96. Kh8 Kf7 97. Kh7 Qh1# 0-1

[Event "Titled Tuesday intern op 23rd Apr Late"]
[Site "Chess.com INT"]
[Date "2024.04.23"]
[Round "3"]
[White "Shkapenko, Pavel"]
[Black "Zampronha, Wladimir Camilo"]
[Result "1-0"]
[WhiteElo "2390"]
[BlackElo "2119"]
[PlyCount "61"]
[EventDate "2024.04.23"]
[EventType "swiss (blitz)"]
[EventRounds "11"]
[EventCountry "USA"]
[SourceTitle "CB18_2024"]
[SourceDate "2024.05.01"]
[SourceVersion "1"]
[SourceVersionDate "2024.05.01"]
[SourceQuality "2"]

1. e4 c5 2. Nc3 e6 3. g3 Nc6 4. Bg2 g6 5. d3 Bg7 6. Be3 d6 7. Nge2 Nd4 8. Qd2 Nf6 9. 0-0 Nxe2+ 10. Nxe2 Ng4 11. Bg5 f6 12. Bf4 e5 13. Be3 0-0 14. Nc3 Be6 15. a3 Qd7 16. b4 b6 17. Rfb1 Rab8 18. a4 c4 19. d4 Nxe3 20. fxe3 a6 21. Rd1 Rfd8 22. Qe2 Qc7 23. Bf3 Bh6 24. Kh1 Rbc8 25. Rf1 Bg7 26. Bg4 Bxg4 27. Qxg4 Qb7 28. Nd5 f5 29. Qf3 exd4 30. exf5 gxf5 31. Nf6+ 1-0

[Event "Titled Tuesday intern op 23rd Apr Late"]
[Site "Chess.com INT"]
[Date "2024.04.23"]
[Round "2"]
[White "Zampronha, Wladimir Camilo"]
[Black "Jakubowski, Krzysztof"]
[Result "0-1"]
[WhiteElo "2119"]
[BlackElo "2462"]
[PlyCount "96"]
[EventDate "2024.04.23"]
[EventType "swiss (blitz)"]
[EventRounds "11"]
[EventCountry "USA"]
[SourceTitle "CB18_2024"]
[SourceDate "2024.05.01"]
[SourceVersion "1"]
[SourceVersionDate "2024.05.01"]
[SourceQuality "2"]

1. e4 c6 2. d4 d5 3. e5 Bf5 4. Nf3 e6 5. Be2 a5 6. 0-0 a4 7. c4 dxc4 8. Bxc4 Nd7 9. Nc3 Nb6 10. Bd3 Ne7 11. Bg5 Qd7 12. Bxe7 Bxd3 13. Bxf8 Bxf1 14. Bc5 Bxg2 15. Kxg2 Nc8 16. Ne4 Qd5 17. Qe2 b6 18. Nd6+ Nxd6 19. Bxd6 f5 20. Kg1 h6 21. Rc1 g5 22. Qd3 g4 23. Nd2 Kf7 24. Qc4 Rhc8 25. a3 h5 26. Qb4 Qb5 27. Qxb5 cxb5 28. Rc3 h4 29. Bb4 Rxc3 30. Bxc3 Kg6 31. Kg2 f4 32. f3 h3+ 33. Kf2 Kf5 34. fxg4+ Kxg4 35. Ne4 Ra7 36. Nf6+ Kf5 37. Nh5 Rh7 38. Nf6 Rg7 39. Ne8 Rg2+ 40. Kf3 Rxh2 41. Nd6+ Kg5 42. Ne4+ Kf5 43. Nd6+ Kg6 44. Kxf4 Rg2 45. Kf3 Rg5 46. Ne4 h2 47. Nf2 Rf5+ 48. Kg3 Rxf2 0-1

[Event "Titled Tuesday intern op 12th Mar Late"]
[Site "Chess.com INT"]
[Date "2024.03.12"]
[Round "5"]
[White "Pinero Rodriguez, Carlos Jose"]
[Black "Zampronha, Wladimir Camilo"]
[Result "0-1"]
[WhiteElo "2284"]
[BlackElo "2119"]
[PlyCount "58"]
[EventDate "2024.03.12"]
[EventType "swiss (blitz)"]
[EventRounds "11"]
[EventCountry "USA"]
[SourceTitle "CB12_2024"]
[SourceDate "2023.10.01"]
[SourceVersion "1"]
[SourceVersionDate "2023.10.01"]
[SourceQuality "1"]

1. e4 c5 2. Nf3 e6 3. g3 Nc6 4. Bg2 d5 5. exd5 exd5 6. 0-0 Nf6 7. Re1+ Be7 8. d4 0-0 9. c3 Bg4 10. h3 Bxf3 11. Bxf3 cxd4 12. cxd4 Qb6 13. Nc3 Rad8 14. Bg2 Rfe8 15. Ne2 Bb4 16. Rf1 h6 17. a3 Bf8 18. Rb1 a5 19. Be3 Ne4 20. Qd3 g6 21. Rfd1 Bg7 22. Kh2 Ne7 23. Nc3 Nf5 24. Nxd5 Rxd5 25. Bxe4 Rb5 26. Bxf5 Rxf5 27. d5 Rxf2+ 28. Bxf2 Qxf2+ 29. Kh1 Re2 0-1

[Event "Titled Tuesday intern op 12th Mar Late"]
[Site "Chess.com INT"]
[Date "2024.03.12"]
[Round "6"]
[White "Zampronha, Wladimir Camilo"]
[Black "Kamsky, Gata"]
[Result "0-1"]
[WhiteElo "2119"]
[BlackElo "2616"]
[PlyCount "61"]
[EventDate "2024.03.12"]
[EventType "swiss (blitz)"]
[EventRounds "11"]
[EventCountry "USA"]
[SourceTitle "CB12_2024"]
[SourceDate "2023.10.01"]
[SourceVersion "1"]
[SourceVersionDate "2023.10.01"]
[SourceQuality "1"]

1. e4 e5 2. Nf3 Nc6 3. d4 exd4 4. Nxd4 Bc5 5. Be3 Qf6 6. c3 Nge7 7. Bc4 Bb6 8. 0-0 0-0 9. Na3 Qg6 10. Nxc6 bxc6 11. Bxb6 axb6 12. Re1 d6 13. Nc2 Kh8 14. Qd2 Be6 15. Ne3 Qxe4 16. Bxe6 fxe6 17. Nc2 Qg6 18. a3 e5 19. f3 Nd5 20. Nb4 Ne7 21. Qe2 c5 22. Nc2 Nd5 23. Qe4 Qe6 24. Rad1 Nf4 25. c4 Rae8 26. Ne3 Qf7 27. Nd5 Ne6 28. b4 g5 29. Qe3 Qg7 30. Qe4 Nf4 31. Qd4 0-1

[Event "Titled Tuesday intern op 27th Feb Late"]
[Site "Chess.com INT"]
[Date "2024.02.27"]
[Round "10"]
[White "Arauz Alonso, Fernando"]
[Black "Zampronha, Wladimir Camilo"]
[Result "1/2-1/2"]
[WhiteElo "2197"]
[BlackElo "2119"]
[PlyCount "111"]
[EventDate "2024.02.27"]
[EventType "swiss (blitz)"]
[EventRounds "11"]
[EventCountry "USA"]
[SourceTitle "CB10_2024"]
[SourceDate "2024.03.06"]
[SourceVersion "1"]
[SourceVersionDate "2024.03.06"]
[SourceQuality "1"]

1. Nf3 d5 2. g3 c5 3. Bg2 Nc6 4. d3 Nf6 5. 0-0 g6 6. Nbd2 Bg7 7. e4 0-0 8. Re1 Bg4 9. h3 Bxf3 10. Bxf3 dxe4 11. dxe4 Qd7 12. Bg2 Rad8 13. c3 Ne5 14. Qe2 Nd3 15. Rd1 b5 16. c4 a6 17. Nb3 bxc4 18. Nxc5 Qb5 19. Nxd3 cxd3 20. Qe3 Nh5 21. Bf1 Bd4 22. Qxd3 Bxf2+ 23. Kxf2 Rxd3 24. Rxd3 Qe5 25. Bg2 f5 26. Kg1 fxe4 27. Re3 Nxg3 28. Bd2 Nf5 29. Re2 Qd4+ 30. Kh1 e3 31. Bc3 Ng3+ 32. Kh2 Nxe2 33. Bxd4 Nxd4 34. Re1 Nf3+ 35. Bxf3 Rxf3 36. Kg2 Rf2+ 37. Kg3 Rxb2 38. Rxe3 Rxa2 39. Rxe7 a5 40. Kg4 a4 41. Kg5 a3 42. Kf6 Rf2+ 43. Kg5 a2 44. Ra7 Rf5+ 45. Kg4 Rf2 46. Kg5 Kf8 47. Kh6 Rf3 48. h4 Rf2 49. Kxh7 Rh2 50. Kxg6 Rxh4 51. Rxa2 Rg4+ 52. Kf5 Rd4 53. Rf2 Rd7 54. Rf4 Rf7+ 55. Kg5 Rxf4 56. Kxf4 1/2-1/2

[Event "Titled Tuesday intern op 27th Feb Late"]
[Site "Chess.com INT"]
[Date "2024.02.27"]
[Round "5"]
[White "Rietze, Clemens"]
[Black "Zampronha, Wladimir Camilo"]
[Result "0-1"]
[WhiteElo "2343"]
[BlackElo "2119"]
[PlyCount "128"]
[EventDate "2024.02.27"]
[EventType "swiss (blitz)"]
[EventRounds "11"]
[EventCountry "USA"]
[SourceTitle "CB10_2024"]
[SourceDate "2024.03.06"]
[SourceVersion "1"]
[SourceVersionDate "2024.03.06"]
[SourceQuality "1"]

1. d4 Nf6 2. c4 c5 3. d5 e6 4. Nc3 exd5 5. cxd5 d6 6. e4 g6 7. h3 Bg7 8. Nf3 0-0 9. Bd3 Re8 10. 0-0 c4 11. Bxc4 Nxe4 12. Nxe4 Rxe4 13. Bg5 f6 14. Bd3 Rb4 15. Qd2 Rxb2 16. Qxb2 fxg5 17. Qb4 Bxa1 18. Rxa1 a5 19. Qd4 Nd7 20. Re1 Qf6 21. Re8+ Kf7 22. Qe3 Ne5 23. Rxe5 dxe5 24. Nxe5+ Kg7 25. Qd4 Bf5 26. Bxf5 gxf5 27. f4 g4 28. d6 gxh3 29. gxh3 Rd8 30. d7 b5 31. Qd5 Kf8 32. Qxb5 Qd6 33. Qc4 Qd1+ 34. Kg2 Ke7 35. Nc6+ Kxd7 36. Nxd8 Kxd8 37. Qg8+ Kc7 38. Qxh7+ Kb6 39. Qxf5 Qe2+ 40. Kg3 Qxa2 41. Qg6+ Kb5 42. f5 Qb3+ 43. Kg4 a4 44. Qe8+ Kb4 45. Qb8+ Kc3 46. Qc7+ Kb2 47. f6 a3 48. f7 Qb4+ 49. Kg5 a2 50. f8Q Qxf8 51. Qe5+ Kb1 52. Qe4+ Kb2 53. Qd4+ Kb3 54. Qd3+ Kb2 55. Qd2+ Kb3 56. Qd1+ Kb4 57. Qd4+ Ka3 58. Qc3+ Ka4 59. Qb2 Qa3 60. Qc2+ Qb3 61. Qc6+ Qb5+ 62. Qxb5+ Kxb5 63. h4 a1Q 64. h5 Qh8 0-1

[Event "Titled Tuesday intern op 13th Feb Early"]
[Site "Chess.com INT"]
[Date "2024.02.13"]
[Round "9"]
[White "Golubenko, Valentina"]
[Black "Zampronha, Wladimir Camilo"]
[Result "0-1"]
[WhiteElo "2209"]
[BlackElo "2119"]
[PlyCount "102"]
[EventDate "2024.02.13"]
[EventType "swiss (blitz)"]
[EventRounds "11"]
[EventCountry "USA"]
[SourceTitle "CB08_2024"]
[SourceDate "2024.02.21"]
[SourceVersion "1"]
[SourceVersionDate "2024.02.21"]
[SourceQuality "1"]

1. d4 Nf6 2. Nf3 e6 3. a3 c5 4. g3 cxd4 5. Nxd4 d5 6. Bg2 e5 7. Nb3 Nc6 8. Bg5 Be6 9. 0-0 Be7 10. Nc3 d4 11. Bxf6 gxf6 12. Ne4 Bd5 13. f4 f5 14. Ned2 Bxg2 15. Kxg2 Qd5+ 16. Nf3 0-0-0 17. fxe5 Nxe5 18. Nbxd4 Ng4 19. Qd3 Bf6 20. Qxf5+ Qxf5 21. Nxf5 Bxb2 22. Ra2 Bc3 23. h3 Nf6 24. Ng5 Rd7 25. Nxf7 Rd2 26. Nxh8 Ne4 27. Kf3 Ng5+ 28. Kg4 Ne6 29. Nf7 Rxe2 30. N7d6+ Kc7 31. Rb1 b6 32. a4 a6 33. Ra3 Be5 34. Nc4 Bf6 35. Re3 Rxc2 36. Na3 Rc6 37. Rb2 Bxb2 38. Nb1 Bc1 39. Re2 Rc4+ 40. Kf3 Nc5 41. Nd2 Bxd2 42. Rxd2 Nxa4 43. Ne3 Rc3 44. Ke4 Nc5+ 45. Kd4 Rc1 46. Nd5+ Kc6 47. Ne7+ Kb5 48. Rb2+ Ka5 49. Nd5 Na4 50. Rb3 Rd1+ 51. Kc4 b5+ 0-1

[Event "Titled Tuesday intern op 13th Feb Early"]
[Site "Chess.com INT"]
[Date "2024.02.13"]
[Round "5"]
[White "Ranaldi, Lucas"]
[Black "Zampronha, Wladimir Camilo"]
[Result "1-0"]
[WhiteElo "2362"]
[BlackElo "2119"]
[PlyCount "71"]
[EventDate "2024.02.13"]
[EventType "swiss (blitz)"]
[EventRounds "11"]
[EventCountry "USA"]
[SourceTitle "CB08_2024"]
[SourceDate "2024.02.21"]
[SourceVersion "1"]
[SourceVersionDate "2024.02.21"]
[SourceQuality "1"]

1. Nf3 Nf6 2. c4 e6 3. g3 d5 4. Bg2 Be7 5. 0-0 0-0 6. b3 c5 7. cxd5 exd5 8. d4 Nc6 9. Bb2 Be6 10. Nc3 Rc8 11. Rc1 Qa5 12. dxc5 Bxc5 13. Na4 Be7 14. Bc3 Bb4 15. Bxb4 Nxb4 16. Qd2 Ne4 17. Qb2 b5 18. Nc3 Nxc3 19. Rxc3 Qxa2 20. Qc1 Rxc3 21. Qxc3 a5 22. Nd4 Rc8 23. Qf3 a4 24. Nxe6 fxe6 25. Bh3 Re8 26. bxa4 bxa4 27. Qh5 g6 28. Qh4 Qxe2 29. Qxb4 d4 30. Re1 Qd3 31. Bxe6+ Kg7 32. Qb7+ Kh6 33. Re4 a3 34. Rh4+ Kg5 35. f4+ Kf6 36. Qf7# 1-0

[Event "Titled Tuesday intern op 13th Feb Early"]
[Site "Chess.com INT"]
[Date "2024.02.13"]
[Round "1"]
[White "Samant, Aditya S"]
[Black "Zampronha, Wladimir Camilo"]
[Result "1-0"]
[WhiteElo "2512"]
[BlackElo "2119"]
[PlyCount "97"]
[EventDate "2024.02.13"]
[EventType "swiss (blitz)"]
[EventRounds "11"]
[EventCountry "USA"]
[SourceTitle "CB08_2024"]
[SourceDate "2024.02.21"]
[SourceVersion "1"]
[SourceVersionDate "2024.02.21"]
[SourceQuality "1"]

1. e4 c5 2. Nf3 e6 3. Nc3 Nc6 4. d4 cxd4 5. Nxd4 Qc7 6. f4 a6 7. Nxc6 bxc6 8. Bd3 d5 9. 0-0 Nf6 10. Qe2 Be7 11. e5 Nd7 12. Na4 0-0 13. b3 f5 14. exf6 Nxf6 15. Bb2 Bd6 16. Be5 Bd7 17. Kh1 c5 18. Nb2 a5 19. Rad1 a4 20. Bxd6 Qxd6 21. Nc4 Qc7 22. Ne5 axb3 23. axb3 Rae8 24. Ra1 Bc8 25. Rf3 Nd7 26. Bxh7+ Kxh7 27. Rh3+ Kg8 28. Qh5 Nxe5 29. fxe5 Ba6 30. Qh7+ Kf7 31. Rf3+ Ke7 32. Qxg7+ Kd8 33. Qxc7+ Kxc7 34. Rxa6 Ra8 35. Rxa8 Rxa8 36. h4 d4 37. h5 Kc6 38. g4 Rh8 39. c4 dxc3 40. Rxc3 Kd5 41. Kg2 Kd4 42. Rc4+ Kd5 43. Kg3 Rb8 44. Rc3 Kd4 45. Rf3 Kxe5 46. g5 Ke4 47. h6 Rg8 48. Kg4 e5 49. h7 1-0

[Event "Titled Tuesday intern op 13th Feb Late"]
[Site "Chess.com INT"]
[Date "2024.02.13"]
[Round "10"]
[White "Zampronha, Wladimir Camilo"]
[Black "Martine, Jean Christophe"]
[Result "1-0"]
[WhiteElo "2119"]
[BlackElo "1985"]
[PlyCount "127"]
[EventDate "2024.02.13"]
[EventType "swiss (blitz)"]
[EventRounds "11"]
[EventCountry "USA"]
[SourceTitle "CB08_2024"]
[SourceDate "2024.02.21"]
[SourceVersion "1"]
[SourceVersionDate "2024.02.21"]
[SourceQuality "1"]

1. e4 e5 2. Nf3 d6 3. d4 f5 4. dxe5 fxe4 5. Ng5 d5 6. e6 Nh6 7. c4 Bb4+ 8. Nc3 d4 9. a3 Bxc3+ 10. bxc3 e3 11. Qh5+ Ke7 12. fxe3 dxc3 13. Be2 Bxe6 14. Nxe6 Kxe6 15. 0-0 Rf8 16. Rd1 Qf6 17. Qd5+ Ke7 18. Rf1 Qd6 19. Qxb7 Nd7 20. e4 Rxf1+ 21. Bxf1 Qc5+ 22. Kh1 Rf8 23. Bg5+ Kf7 24. Qd5+ Qxd5 25. cxd5 Ng4 26. Kg1 Nc5 27. h3 Nxe4 28. Bf4 Ngf6 29. Bxc7 Nxd5 30. Bc4 Nef6 31. Rd1 Ke6 32. Ba5 Rc8 33. Ba2 c2 34. Rc1 Ne4 35. Bb3 Ke5 36. Rxc2 Rxc2 37. Bxc2 Ndc3 38. Bxc3+ Nxc3 39. Bxh7 g5 40. Bg8 Nb5 41. a4 Nc3 42. a5 Nb5 43. Kf2 Nd4 44. Bc4 Nc6 45. a6 Nd4 46. Kg3 Kf5 47. Kf2 Kf4 48. g3+ Ke4 49. h4 gxh4 50. gxh4 Kf4 51. h5 Nf5 52. Bf7 Nh6 53. Bg6 Ng4+ 54. Ke2 Ne5 55. Kd2 Nc4+ 56. Kc3 Ne5 57. Kd4 Nd7 58. Kc4 Ne5+ 59. Kb5 Kg5 60. Kc5 Nd7+ 61. Kc6 Ne5+ 62. Kb7 Nxg6 63. hxg6 Kxg6 64. Kxa7 1-0

[Event "Titled Tuesday intern op 13th Feb Late"]
[Site "Chess.com INT"]
[Date "2024.02.13"]
[Round "1"]
[White "Zampronha, Wladimir Camilo"]
[Black "Perske, Thore"]
[Result "0-1"]
[WhiteElo "2119"]
[BlackElo "2451"]
[PlyCount "76"]
[EventDate "2024.02.13"]
[EventType "swiss (blitz)"]
[EventRounds "11"]
[EventCountry "USA"]
[SourceTitle "CB08_2024"]
[SourceDate "2024.02.21"]
[SourceVersion "1"]
[SourceVersionDate "2024.02.21"]
[SourceQuality "1"]

1. e4 e6 2. d4 d5 3. Nc3 Bb4 4. e5 c5 5. a3 Bxc3+ 6. bxc3 Qa5 7. Bd2 Qa4 8. Qb1 c4 9. Nf3 Nc6 10. g3 Nge7 11. h4 h6 12. Bh3 Bd7 13. Kf1 0-0-0 14. Kg2 Rdg8 15. h5 b6 16. Ra2 Kc7 17. Ra1 g5 18. hxg6 fxg6 19. Kg1 g5 20. Bg2 Nf5 21. g4 Nfe7 22. Kf1 Be8 23. Ke2 Bg6 24. Ra2 Rf8 25. Ne1 h5 26. gxh5 Bxh5+ 27. f3 g4 28. fxg4 Bxg4+ 29. Nf3 Nf5 30. Bg5 Ng3+ 31. Ke3 Nxh1 32. Bxh1 Bxf3 33. Bxf3 Rh3 34. Bf6 Rg8 35. Kf4 Qa5 36. Qe1 Nxd4 37. Bg4 Qxc3 38. Qxc3 Rxc3 0-1

[Event "Titled Tuesday intern op 13th Feb Early"]
[Site "Chess.com INT"]
[Date "2024.02.13"]
[Round "8"]
[White "Zampronha, Wladimir Camilo"]
[Black "Seder, Mohamad"]
[Result "0-1"]
[WhiteElo "2119"]
[BlackElo "2077"]
[PlyCount "114"]
[EventDate "2024.02.13"]
[EventType "swiss (blitz)"]
[EventRounds "11"]
[EventCountry "USA"]
[SourceTitle "CB08_2024"]
[SourceDate "2024.02.21"]
[SourceVersion "1"]
[SourceVersionDate "2024.02.21"]
[SourceQuality "1"]

1. e4 g6 2. d4 Bg7 3. Nc3 c5 4. Nf3 cxd4 5. Nxd4 Nc6 6. Be3 Nf6 7. Bc4 0-0 8. Bb3 a6 9. f3 b5 10. 0-0 Bb7 11. a4 b4 12. Nd5 Nxd4 13. Bxd4 Nxd5 14. Bxd5 Bxd4+ 15. Qxd4 Rb8 16. Rfd1 Bxd5 17. Qxd5 Qb6+ 18. Kh1 d6 19. a5 Qb5 20. Qd4 Rfc8 21. Rd2 Rc4 22. Qa7 Rb7 23. Qa8+ Rb8 24. Qa7 Rb7 25. Qa8+ Kg7 26. Rd5 Qc6 27. Rd2 Rc7 28. Qb8 Rxc2 29. Rxc2 Qxc2 30. Rf1 b3 31. Qb6 Rc6 32. Qb7 e5 33. h3 h5 34. Kh2 h4 35. f4 Qc4 36. Rf3 exf4 37. Rxf4 Rc7 38. Qb6 Qc5 39. Qxa6 Ra7 40. Qd3 Qe5 41. g3 hxg3+ 42. Qxg3 Rxa5 43. Rf3 Qxg3+ 44. Kxg3 Rb5 45. Rd3 Kf6 46. Rxd6+ Ke5 47. Rd7 f6 48. Rg7 g5 49. Kg4 Kxe4 50. Rf7 f5+ 51. Kxg5 f4+ 52. Kg4 Kd3 53. Kxf4 Rb4+ 54. Kg3 Kc2 55. h4 Kxb2 56. h5 Rb5 57. Rf1 Rxh5 0-1

[Event "Titled Tuesday intern op 13th Feb Early"]
[Site "Chess.com INT"]
[Date "2024.02.13"]
[Round "7"]
[White "Zampronha, Wladimir Camilo"]
[Black "Subramanian, Anusha"]
[Result "1-0"]
[WhiteElo "2119"]
[BlackElo "2013"]
[PlyCount "45"]
[EventDate "2024.02.13"]
[EventType "swiss (blitz)"]
[EventRounds "11"]
[EventCountry "USA"]
[SourceTitle "CB08_2024"]
[SourceDate "2024.02.21"]
[SourceVersion "1"]
[SourceVersionDate "2024.02.21"]
[SourceQuality "1"]

1. e4 e5 2. Nf3 Nc6 3. d4 exd4 4. Nxd4 Bc5 5. Be3 Bb6 6. Nc3 d6 7. Qd2 Nf6 8. f3 0-0 9. 0-0-0 a5 10. g4 a4 11. g5 Nd7 12. Nd5 Bxd4 13. Bxd4 Nxd4 14. Qxd4 Qxg5+ 15. f4 Qd8 16. Rg1 f6 17. Bc4 Kh8 18. a3 Nc5 19. f5 Re8 20. Rg4 c6 21. Nf4 Nxe4 22. Ng6+ hxg6 23. Rh4# 1-0

[Event "Florianopolis op 10th"]
[Site "Florianopolis"]
[Date "2024.01.27"]
[Round "9"]
[White "Labussiere, Victor"]
[Black "Zampronha, Wladimir Camilo"]
[Result "1-0"]
[WhiteElo "2328"]
[BlackElo "2121"]
[PlyCount "61"]
[EventDate "2024.01.20"]
[EventType "swiss"]
[EventRounds "10"]
[EventCountry "BRA"]
[SourceTitle "CB05_2024"]
[SourceDate "2024.01.31"]
[SourceVersion "1"]
[SourceVersionDate "2024.01.31"]
[SourceQuality "1"]

1. c4 Nf6 2. Nf3 e6 3. d4 c5 4. d5 exd5 5. cxd5 d6 6. Nc3 g6 7. Bf4 a6 8. e4 b5 9. Qe2 Nh5 10. Bg5 f6 11. Be3 Bg4 12. h3 Bxf3 13. Qxf3 Nd7 14. a4 b4 15. Nb1 Ng7 16. g4 Kf7 17. Nd2 Qe7 18. Be2 Ne8 19. h4 h6 20. 0-0-0 Ne5 21. Qg3 c4 22. f4 c3 23. Nb3 cxb2+ 24. Kxb2 Nd7 25. Bd3 Bg7 26. Kb1 Nc5 27. Bxc5 dxc5 28. Rhe1 g5 29. e5 gxf4 30. Qxf4 Kg8 31. d6 1-0

[Event "Florianopolis op 10th"]
[Site "Florianopolis"]
[Date "2024.01.25"]
[Round "7"]
[White "Pedroso, Denian"]
[Black "Zampronha, Wladimir Camilo"]
[Result "1/2-1/2"]
[WhiteElo "1924"]
[BlackElo "2121"]
[PlyCount "85"]
[EventDate "2024.01.20"]
[EventType "swiss"]
[EventRounds "10"]
[EventCountry "BRA"]
[SourceTitle "CB05_2024"]
[SourceDate "2024.01.31"]
[SourceVersion "1"]
[SourceVersionDate "2024.01.31"]
[SourceQuality "1"]

1. e4 c5 2. Nc3 e6 3. Nf3 Nc6 4. d4 cxd4 5. Nxd4 Qc7 6. Ncb5 Qb8 7. Bd3 Nf6 8. c4 Be7 9. 0-0 0-0 10. Qe2 d6 11. Rd1 Re8 12. f4 e5 13. Nf3 a6 14. Nc3 Bg4 15. Qf2 exf4 16. Bxf4 Ne5 17. Be2 Be6 18. Nxe5 dxe5 19. Be3 Bb4 20. Nd5 Nxe4 21. Qh4 Bxd5 22. cxd5 f5 23. Bd3 Qd8 24. Qxd8 Rexd8 25. Rac1 Rd7 26. Bxe4 fxe4 27. Rc4 Bd6 28. Rxe4 Rc8 29. Bd2 Bb8 30. Bc3 Rcd8 31. Kf2 Rxd5 32. Rxd5 Rxd5 33. Ke3 Kf7 34. Rh4 h6 35. Ke4 Rd1 36. Rg4 Rf1 37. Rg3 Rf4+ 38. Kd5 Kf6 39. Re3 Rf2 40. g4 Kg6 41. h3 Bc7 42. a4 Rf7 43. Bxe5 1/2-1/2

[Event "Florianopolis op 10th"]
[Site "Florianopolis"]
[Date "2024.01.20"]
[Round "1"]
[White "Vieira, Luana Saddi"]
[Black "Zampronha, Wladimir Camilo"]
[Result "0-1"]
[WhiteElo "1501"]
[BlackElo "2121"]
[PlyCount "40"]
[EventDate "2024.01.20"]
[EventType "swiss"]
[EventRounds "10"]
[EventCountry "BRA"]
[SourceTitle "CB05_2024"]
[SourceDate "2024.01.31"]
[SourceVersion "1"]
[SourceVersionDate "2024.01.31"]
[SourceQuality "1"]

1. e4 c5 2. c3 Nf6 3. e5 Nd5 4. d4 cxd4 5. cxd4 e6 6. Nc3 Nxc3 7. bxc3 Qc7 8. Bd2 b6 9. Bd3 Bb7 10. Rc1 Bxg2 11. Ne2 Bxh1 12. Ng3 Bb7 13. Qg4 Nc6 14. Bf4 Ne7 15. Be3 Nd5 16. Nh5 g6 17. Nf4 Nxf4 18. Bxf4 Qc6 19. h4 Qf3 20. Qxf3 Bxf3 0-1

[Event "Titled Tuesday intern op 16th Jan Late"]
[Site "Chess.com INT"]
[Date "2024.01.16"]
[Round "2"]
[White "Banerjee, Supratit"]
[Black "Zampronha, Wladimir Camilo"]
[Result "1-0"]
[WhiteElo "1984"]
[BlackElo "2121"]
[PlyCount "119"]
[EventDate "2024.01.16"]
[EventType "swiss (blitz)"]
[EventRounds "11"]
[EventCountry "USA"]
[SourceTitle "CB04_2024"]
[SourceDate "2023.10.16"]
[SourceVersion "1"]
[SourceVersionDate "2023.10.16"]
[SourceQuality "1"]

1. e4 c5 2. c3 Nf6 3. e5 Nd5 4. d4 cxd4 5. cxd4 e6 6. Nf3 b6 7. Nc3 Bb7 8. Bd3 Nxc3 9. bxc3 Qc7 10. Bd2 d6 11. exd6 Bxd6 12. 0-0 Nd7 13. Kh1 0-0 14. Qe2 Rac8 15. Ng5 Nf6 16. Nf3 Rfe8 17. Rfe1 Bf4 18. Bxf4 Qxf4 19. Qe3 Nd5 20. Qxf4 Nxf4 21. Bb5 Red8 22. Rac1 Rc7 23. Bf1 Rdc8 24. c4 Bd5 25. Nd2 b5 26. c5 a6 27. a4 bxa4 28. Ra1 Rb8 29. Rxa4 Rb2 30. Nc4 Rxf2 31. Ne3 Rd2 32. Nxd5 Nxd5 33. Rxa6 g6 34. Ra4 Nc3 35. Rb4 Kg7 36. Kg1 Nd5 37. Ra4 Ne7 38. g4 Nc6 39. Re4 Rd1 40. h4 Rd7 41. h5 R7xd4 42. Rexd4 Rxd4 43. Rxd4 Nxd4 44. Bg2 Kf8 45. hxg6 hxg6 46. Kf2 Ke7 47. Ke3 Nb5 48. Bf1 Nc7 49. Kd4 Kd7 50. Bg2 Ke7 51. g5 f6 52. gxf6+ Kxf6 53. Bf3 Kf5 54. Be4+ Kf6 55. Bf3 e5+ 56. Ke4 Ne6 57. c6 Nc7 58. Bg4 Nb5 59. Be2 Nd6+ 60. Kd5 1-0

[Event "Titled Tuesday intern op 16th Jan Early"]
[Site "Chess.com INT"]
[Date "2024.01.16"]
[Round "6"]
[White "Zampronha, Wladimir Camilo"]
[Black "Kochiev, Ivan"]
[Result "0-1"]
[WhiteElo "2121"]
[BlackElo "2051"]
[PlyCount "136"]
[EventDate "2024.01.16"]
[EventType "swiss (blitz)"]
[EventRounds "11"]
[EventCountry "USA"]
[SourceTitle "CB04_2024"]
[SourceDate "2023.10.16"]
[SourceVersion "1"]
[SourceVersionDate "2023.10.16"]
[SourceQuality "1"]

1. e4 e5 2. Nf3 Nf6 3. d4 Nxe4 4. Nxe5 d5 5. Bd3 Bd6 6. 0-0 0-0 7. c4 c6 8. Nc3 Nxc3 9. bxc3 Nd7 10. Nxd7 Bxd7 11. cxd5 cxd5 12. Qh5 g6 13. Qxd5 Bc6 14. Qg5 Be7 15. Qg3 Re8 16. Bd2 h6 17. Bxh6 Kh7 18. Bd2 Rh8 19. Rfe1 Kg7 20. Bf4 Rh5 21. Be5+ Bf6 22. Bxf6+ Qxf6 23. Be4 Rah8 24. h3 Rg5 25. Qd3 Bxe4 26. Rxe4 Qf5 27. Re3 Qd5 28. Rg3 Rf5 29. c4 Qd7 30. Rd1 Rh4 31. d5 Rff4 32. c5 Qa4 33. Qc3+ Kh7 34. Re1 Re4 35. Rxe4 Rxe4 36. Qf3 f5 37. Kh2 Qxa2 38. d6 Qd5 39. Qd3 Rd4 40. Qe3 Re4 41. Qg5 Qe6 42. h4 b6 43. h5 gxh5 44. Rh3 h4 45. Rxh4+ Rxh4+ 46. Qxh4+ Kg6 47. Qg3+ Kf7 48. c6 Qh6+ 49. Qh3 Qf4+ 50. Kg1 Qc1+ 51. Kh2 Qf4+ 52. Qg3 Qh6+ 53. Kg1 Qc1+ 54. Kh2 Qxc6 55. Qe5 Qd7 56. Kg3 a5 57. Kf4 a4 58. Kg5 Qe6 59. Qh8 Qg6+ 60. Kf4 Qxd6+ 61. Kxf5 Qd3+ 62. Kf4 Qd6+ 63. Kf5 Qg6+ 64. Kf4 Qf6+ 65. Qxf6+ Kxf6 66. Ke3 a3 67. Kd2 a2 68. Kc2 a1Q 0-1